000 00562nam a2200193 i 4500
001 148699
003 ES-MaACL
005 20230906202752.0
007 t|
008 070214s1984 ch 00010 spa d
080 _a396(510)
100 1 _aSu, Hui.
_9174468
245 1 3 _aLa mujer en el continente chino bajo la tiranĂ­a comunista /
_cSu Huei.
260 _a[Taipei] :
_bLiga Mundial Anticomunista,
_c1984.
300 _a66 p. ;
_c19 cm.
650 4 _aMujeres-
_zChina.
_9174469
710 2 _aLiga Mundial Anticomunista.
_95537
852 4 _aES-MaACL
_jL-5994
999 _c148699
_d148699